000 00573nam a2200217Ia 4500
008 101110s9999 xx 000 0 und d
041 _aMARATHI
082 _bJR5112
100 _aKopardekar Sharadchandra, Sonegaonkar Aruna & others
245 _aChitnisacha vyavsay Std. XI
260 _c2006
_bHimalaya Publishing House, Mumbai
300 _a343
365 _b68
520 _aCommerce
546 _aMARATHI
630 _aChitnisacha vyavsay Std. XI
650 _aCommerce
655 _aCommerce
730 _aChitnisacha vyavsay Std. XI
942 _cBOOK
999 _c795917
_d795914